Neural networks : A classroom Approach

保存先:
書誌詳細
第一著者: Kumar, Satish
フォーマット: 図書
言語:Undetermined
出版事項: New York McGraw-Hill 2004
主題:
タグ: タグ追加
タグなし, このレコードへの初めてのタグを付けませんか!
Thư viện lưu trữ: Trung tâm Học liệu Trường Đại học Cần Thơ
LEADER 00530nam a2200205Ia 4500
001 CTU_93941
008 210402s9999 xx 000 0 und d
020 |c 12.83 
082 |a 006.32 
082 |b K96 
100 |a Kumar, Satish 
245 0 |a Neural networks : 
245 2 |b A classroom Approach 
245 0 |c Satish Kumar 
260 |a New York 
260 |b McGraw-Hill 
260 |c 2004 
650 |a Neural networks (Computer science) 
904 |i Tuyến 
980 |a Trung tâm Học liệu Trường Đại học Cần Thơ